[Event "RSA-ch U08"]
[Site "Bloemfontein"]
[Date "2016.03.23"]
[Round "6"]
[White "Els, Adriaan"]
[Black "Sopanam Prabha, Arjun"]
[Result "1-0"]
[WhiteElo "728"]
[BlackElo "824"]
[PlyCount "33"]
[EventDate "2016.03.20"]
[EventType "swiss"]
[EventRounds "11"]
[EventCountry "RSA"]
[SourceTitle "CBM 171 Extra"]
[Source "ChessBase"]
[SourceDate "2016.04.26"]
[SourceVersion "1"]
[SourceVersionDate "2016.04.26"]
[SourceQuality "1"]

1. Nf3 d5 2. b3 Bg4 3. Nh4 e5 4. Bb2 Nc6 5. d3 Nf6 6. h3 Bd7 7. Nf3 Bb4+ 8. Nc3 0-0 9. g3 d4 10. Bg2 dxc3 11. Bc1 Bc5 12. 0-0 Qc8 13. g4 Re8 14. Re1 g6 15. e4 b5 16. a3 Nd4 17. b4 1-0